000 00889nam a22003257a 4500
001 BR8807530
003 BR-BrBNA
005 20230928093116.0
007 ta
008 230509b bl.||||| |||| 00| 0 por d
040 _aBR-BrBNA
_bpor
_cBiblioteca Nacional de Agricultura
041 _a(Por)
072 _aE70; E16; U10
_b/G514
090 _ E70 BR8807530
100 1 _aRibeiro, F.B.
110 1 _aUniversidade Federal de Vicosa, MG (Brasil). Depto. de Economia Rural
245 1 _aEstrutura de oferta na agricultura tradicional - o caso do estado do Piaui
260 3 _aVicosa, MG (Brasil):
_c1974.
300 _a42 p.
500 _a43 ref.
650 _aPRODUTO
650 _aCOMERCIO INTERNO
650 _aRENDA
650 _aOFERTA
650 _aPRECO
650 _aMODELO MATEMATICO
650 _aPIAUI
909 _a202309
_bLucia
_c55
_dLucia Elande
942 _cBK
999 _c43042
_d43042